000 00669nam a22002055i 4500
001 48479
003 ES-MaACL
005 20250721144330.0
007 t|
008 950720s1827 fr ||||1| fre d
040 _aCAM
_bspa
_cCAM
100 1 _aDelambre, Jean-Baptiste-Joseph.
_943307
245 1 0 _aHistoire de l'astronomie au dix-huitième siècle /
_cpar M. Delambre...; publiée par M. Mathieu.
260 _aParis :
_bBachelier,
_c1827.
300 _aLII, 796 p., [1] h. de grab., [3] h. de lám. pleg. ;
_c27 cm.
650 7 _aAstronomía
_2embne
_910386
700 1 _aMathieu, Claude-Louis.
_979043
852 _aES-MaACL
_jF-4007
999 _c48479
_d48479